| 000 | 01274cam a22002895a 4500 | ||
|---|---|---|---|
| 999 |
_c27347 _d27318 |
||
| 005 | 20240818093042.0 | ||
| 008 | 111017t2019 nyua frd 001 0 eng d | ||
| 020 | _a9781260085310 | ||
| 020 | _a1260085317 | ||
| 040 |
_aStDuBDS _beng _cStDuBDS _dUk _dEG-ScBUE _dEG-ScBUE |
||
| 082 | 0 | 4 |
_a540 _bCHA _222 |
| 100 | 1 |
_aChang, Raymond. _931039 |
|
| 245 | 1 | 0 |
_aChemistry / _cRaymond Chang, Jason Overby. |
| 250 | _a13th ed., International student ed. | ||
| 260 |
_aNew York : _bMcGraw-Hill, _cc.2019. |
||
| 300 |
_a1 v. (various pagings) : _bill. (col.) ; _c28 cm. |
||
| 500 | _aIncludes index. | ||
| 520 | _aChang's best-selling general chemistry textbook takes a traditional approach and is often considered a student and teacher favorite. The book features a straightforward, clear writing style and proven problem-solving strategies. It continues the tradition of providing a firm foundation in chemical concepts and principles while presenting a broad range of topics in a clear, concise manner. | ||
| 650 | 7 |
_aChemistry. _2BUEsh |
|
| 651 | _2BUEsh | ||
| 653 |
_bEENERGYY _bENGCHE _cApril2019 |
||
| 700 | 1 | _aOverby, Jason. | |
| 942 |
_2ddc _hRDA-MOD |
||
| 336 |
_2rdacontent _atext _btxt |
||
| 337 |
_aunmediated _2rdamedia _bn |
||
| 338 |
_avolume _bnc _2rdacarrier |
||